000 00603nam a2200229Ia 4500
003 OSt
005 20220928114534.0
006 a|||||r|||| 00| 0
007 ta
008 220927b |||||||| |||| 00| 0 eng d
024 _a56443
037 _cTextual
040 _aSDCL
_cSDCL
_beng
041 _2eng
_aeng
082 _aR6,4, N8
100 _aTiwari Kedar Nath
_9439583
245 0 _aClassical Indian ethical thought .
260 _aDelhi
_bMotilal Banarsidass
_c1998
300 _ax,172p.
_ccm.
942 _hR6,4, N8
_cTEXL
_2CC
999 _c755271
_d755271